01705 2200421 4500035002000000001002100020005001700041006001900058007000300077008004100080856016500121020002300286040002700309082002000336084001800356100003300374245010400407250002900511264004100540300002500581336002400606337003300630338002600663504003100689520031200720650002801032650001101060700003101071850001301102990002101115990002101136990002101157990002101178990002101199990002101220990002101241990002101262 a0010-0122001507INLIS00000000083828420200127083644.0a g b 000 0 ta180919s2015 jki g b 000 0 ind  x http://opac.perpusnas.go.id/uploaded_files/sampul_koleksi/original/Monograf/1106051.JPG?rnd=979494944y http://opac.perpusnas.go.id/DetailOpac.aspx?id=1106051  a 978-602-1279-26-7 a JKPNPNA b ind e rda042 [23]a 658.72  a 658.72 RIN b0 a Rina Dewi Lina, e penyusun10a Beli mobil dengan gaji < Rp 5 juta / c pPenyusun Rina Dewi Lina, MM. CFP., Erwin Faizal. MSM, CSA a Cetakan 1. Jakarta 2015 1a Jakarta : b Penebar Plus+, c 2015 a 116 halaman ; 23 cm 2 rdacontenta teks  2 rdamediaa tanpa perantara  2 rdacarriera volume  a Bibliografi : halaman 114 a Ingin beli mobil, tetapi Anda merasa penghasilan tidak mencukupi? Jangan khawatir! Buku ini menyajikan step yang mudah Anda terapkan untuk mendapatkan mobil impian bagi Anda yang berpenghasilan < 5 juta rupiah! Sesungguhnya, gaji berapa pun tidak masalah, tetapi bagaimana Anda mengelola gaji tersebut. ... 4a Pembelian x Manajemen 4a Mobil0 a Erwin Faizal, e penyusun a JKPNPNA a 201800103028503 a 201800103028502 a 201800103028500 a 201800103028499 a 201900103038988 a 201900103038989 a 201900103038990 a 201900103038991